High pressure and ultrasound-assisted extraction of bioactive compounds from Santolina chamaecyparissus
The objective of this study was to determine the most adequate process, using a green approach, which ensures maximal exploitation of Santolina chamaecypatissus and attainment of high quality extracts rich in bioactive compounds and with strong antioxidant activity. Two environmentally friendly tech...
Elmentve itt :
| Szerzők: | |
|---|---|
| Testületi szerző: | |
| Dokumentumtípus: | Könyv része |
| Megjelent: |
2020
|
| Sorozat: | Proceedings of the International Symposium on Analytical and Environmental Problems
26 |
| Kulcsszavak: | Analitikai kémia, Környezetkémia |
| Tárgyszavak: | |
| Online Access: | http://acta.bibl.u-szeged.hu/74006 |
| LEADER | 01535naa a2200265 i 4500 | ||
|---|---|---|---|
| 001 | acta74006 | ||
| 005 | 20220808153926.0 | ||
| 008 | 211117s2020 hu o 1|| eng d | ||
| 020 | |a 978-963-306-771-0 | ||
| 040 | |a SZTE Egyetemi Kiadványok Repozitórium |b hun | ||
| 041 | |a eng | ||
| 100 | 1 | |a Mutavski Zorana | |
| 245 | 1 | 0 | |a High pressure and ultrasound-assisted extraction of bioactive compounds from Santolina chamaecyparissus |h [elektronikus dokumentum] / |c Mutavski Zorana |
| 260 | |c 2020 | ||
| 300 | |a 249-250 | ||
| 490 | 0 | |a Proceedings of the International Symposium on Analytical and Environmental Problems |v 26 | |
| 520 | 3 | |a The objective of this study was to determine the most adequate process, using a green approach, which ensures maximal exploitation of Santolina chamaecypatissus and attainment of high quality extracts rich in bioactive compounds and with strong antioxidant activity. Two environmentally friendly techniques were applied, supercritical carbon dioxide for isolating volatile compounds and ultrasound-assisted extraction for obtaining extracts rich in polyphenolic compounds. | |
| 650 | 4 | |a Természettudományok | |
| 650 | 4 | |a Kémiai tudományok | |
| 695 | |a Analitikai kémia, Környezetkémia | ||
| 700 | 0 | 1 | |a Vladić Jelena |e aut |
| 700 | 0 | 1 | |a Vidović Senka |e aut |
| 700 | 0 | 1 | |a Aćimović Milica |e aut |
| 710 | |a International Symposium on Analytical and Environmental Problems (26.) (2020) (Szeged) | ||
| 856 | 4 | 0 | |u http://acta.bibl.u-szeged.hu/74006/1/proceedings_of_isaep_2020_249-250.pdf |z Dokumentum-elérés |